<?xml version="1.0" encoding="UTF-8"?>
<marc:record xmlns:marc="http://www.loc.gov/MARC21/slim">
   <marc:leader>00000nam a2200000 a 4500</marc:leader>
   <marc:datafield ind1="1" ind2=" " tag="100">
      <marc:subfield code="a">Sievers, Gerd Wolfgang</marc:subfield>
      <marc:subfield code="4">ctb</marc:subfield>
      <marc:subfield code="e">Mitwirkende/-r</marc:subfield>
   </marc:datafield>
   <marc:datafield ind1=" " ind2=" " tag="653">
      <marc:subfield code="a">Schnelle Küche</marc:subfield>
   </marc:datafield>
   <marc:datafield ind1=" " ind2=" " tag="653">
      <marc:subfield code="a">Trinken/Allgemeine Kochbücher</marc:subfield>
   </marc:datafield>
   <marc:datafield ind1=" " ind2=" " tag="653">
      <marc:subfield code="a">Grundkochbücher</marc:subfield>
   </marc:datafield>
   <marc:datafield ind1=" " ind2=" " tag="653">
      <marc:subfield code="a">Kochbuch</marc:subfield>
   </marc:datafield>
   <marc:datafield ind1="0" ind2="0" tag="245">
      <marc:subfield code="a">Schnelle Küche für Genießer</marc:subfield>
   </marc:datafield>
   <marc:datafield ind1="0" ind2="0" tag="245">
      <marc:subfield code="c">Gerd Wolfgang Sievers</marc:subfield>
   </marc:datafield>
   <marc:datafield ind1=" " ind2="1" tag="264">
      <marc:subfield code="a">Graz</marc:subfield>
      <marc:subfield code="b">Stocker</marc:subfield>
      <marc:subfield code="c">2008</marc:subfield>
   </marc:datafield>
   <marc:datafield ind1="1" ind2=" " tag="490">
      <marc:subfield code="a">Fast Food : fein &amp; edel</marc:subfield>
   </marc:datafield>
   <marc:datafield ind1="1" ind2=" " tag="520">
      <marc:subfield code="a">Angaben aus der Verlagsmeldung

Schnelle Küche für Genießer / von Gerd W Sievers

In seinem neuen Buch „Schnelle Küche für Genießer“ zeigt Gerd Wolfgang Sievers, daß Fast Food auch in der Gourmetküche seinen Platz haben kann. Bei den mehr als 300 Rezepten benötigt man wenig Zeit für die Zubereitung – um mehr Zeit für den Genuß zu haben!

Mit dem prämierten Buch „Genussland Österreich“ bewies Gerd Wolfgang Sievers, daß er nicht nur etwas von ausgezeichneter Küche versteht, sondern dieses Wissen auch hervorragend in Buchform vermitteln kann. Ähnlich spektakulär ist der Ansatz für Sievers neuen Streich „Schnelle Küche für Genießer“: Fast Food und Gourmetküche unter einen Hut zu bringen.
Zum einen interpretiert Sievers Fast-Food-Klassiker neu und bringt Burger &amp; Co in neuen, teils sehr aufwendigen Variationen auf den Tisch. Zum anderen zeigt er uns, wie man in knapp einer halben Stunde schmackhafte Gerichte fertigstellt. Steaks und Koteletts, Schnitzel und Wild werden demnach ebenfalls zu Fast Food, aber eben nur in dem Sinn, daß man wenig Zeit für die Zubereitung benötigt.
Durch die Auswahl der Speisen unternimmt der Autor eine kulinarische Weltreise: Pasta und Risotto fehlen genauso wenig wie asiatische Spezialitäten (Asien ist übrigens die wahre Heimat schnell zubereiteter Gerichte, nicht Amerika) und heimische Klassiker.
Eine Fülle von Hintergrundinformationen macht das Buch „Schnelle Küche für Genießer“ zu einem außergewöhnlichen Kochbuch, das in keiner feinen Küche fehlen sollte. Daneben bleibt im Buch auch Platz für Sievers Philosophie: bewußt essen, auf die Qualität der Zutaten achten, Essen wertschätzen, mit einem Wort: GENIESSEN!

• Mehr als 300 Rezepte

• Ca. 200 Farbabbildungen, mit vielen Schritt für Schritt-Bildern zur Küchentechnik
</marc:subfield>
   </marc:datafield>
   <marc:datafield ind1=" " ind2=" " tag="020">
      <marc:subfield code="a">9783702011956</marc:subfield>
      <marc:subfield code="9">9783702011956</marc:subfield>
   </marc:datafield>
   <marc:datafield ind1=" " ind2=" " tag="041">
      <marc:subfield code="a">ger</marc:subfield>
   </marc:datafield>
   <marc:datafield ind1=" " ind2=" " tag="300">
      <marc:subfield code="a">224 S.</marc:subfield>
   </marc:datafield>
</marc:record>
